Evolution of fire safety

Salvato in:
Dettagli Bibliografici
Autore principale: Rasbash, D.
Altri autori: Ramachandran, G., Kandola, B., Watts, J., Law, M.
Natura: Libro
Lingua:inglese
Pubblicazione: Chichester John Wiley & Sons 2004.
Edizione:1. vyd.
Soggetti:
Accesso online:Visualizza in OPAC
Tags: Aggiungi Tag
Nessun Tag, puoi essere il primo ad aggiungerne!!

MARC

LEADER 00000nam a2200000 a 4500
005 20260127134214.0
008 050120 2004 enk 000 0 eng d
020 |a 0471493821 
035 |a vtls001489652 
039 9 |a 200612131356  |b mschk04  |c 200612131354  |d mschk04  |c 200612131350  |d mschk04  |c 200612131349  |d mschk04  |y 200501201322  |z mschk03 
040 |a STUSCHK1  |b slo  |c STUSCHK1  |e AACR2 
080 |a 614.8 
100 1 |a Rasbash, D. 
245 1 |a Evolution of fire safety 
250 |a 1. vyd. 
260 |a Chichester  |b John Wiley & Sons  |c 2004. 
300 |a 479 s. 
650 0 |a bezpečnosť pri práci 
700 1 |a Ramachandran, G. 
700 1 |a Kandola, B. 
700 1 |a Watts, J. 
700 1 |a Law, M. 
910 |a SCHK95 
919 |a 0-471-49382-1 
999 |c 6634  |d 6634